[Event "Montreal op U2100"]
[Site "Montreal CAN"]
[Date "2019.09.07"]
[Round "3.21"]
[White "Boileau, Dominic"]
[Black "Gil, Bernardo"]
[Result "0-1"]
[WhiteElo "1708"]
[BlackElo "1632"]
[PlyCount "76"]
[EventDate "2019.09.06"]
[EventType "swiss"]
[EventRounds "5"]
[EventCountry "CAN"]

1. d4 Nf6 2. Bf4 g6 3. e3 Bg7 4. Be2 d6 5. h3 Nbd7 6. Nf3 O-O 7. c4 Nh5 8. Bh2
c5 9. Nc3 Nhf6 10. O-O Qb6 11. Qc2 cxd4 12. exd4 h6 13. Rab1 Nh7 14. Nd5 Qd8
15. Rfd1 b6 16. Qe4 Rb8 17. Nxe7+ Kh8 18. Nxg6+ fxg6 19. Qxg6 Rf6 20. Qh5 Bb7
21. Bd3 Qe8 22. Qh4 Bxf3 23. gxf3 Ng5 24. Qg4 Nxf3+ 25. Kh1 Nxh2 26. Kxh2 Rxf2+
27. Kh1 Qf7 28. Qe4 Qf3+ 29. Qxf3 Rxf3 30. Be2 Rxh3+ 31. Kg2 Rh4 32. d5 Re8 33.
Re1 Rhe4 34. Kf1 Bd4 35. Rbd1 Bxb2 36. Rd3 Rf8+ 37. Kg2 Bd4 38. Kg3 Ne5 0-1

[Event "Montreal op U2100"]
[Site "Montreal CAN"]
[Date "2019.09.07"]
[Round "3.22"]
[White "Bocan, Richard"]
[Black "Shah, Omar"]
[Result "0-1"]
[WhiteElo "1570"]
[BlackElo "1811"]
[PlyCount "94"]
[EventDate "2019.09.06"]
[EventType "swiss"]
[EventRounds "5"]
[EventCountry "CAN"]

1. d4 Nf6 2. c4 e6 3. Nc3 Bb4 4. Nf3 b6 5. Bg5 Bb7 6. e3 O-O 7. a3 Be7 8. Bd3
d5 9. Bxf6 Bxf6 10. cxd5 exd5 11. O-O Nd7 12. Bf5 g6 13. Bd3 Re8 14. Qb3 Nf8
15. Rac1 a6 16. Ne2 Nd7 17. Nf4 c6 18. Rc2 Qe7 19. Rfc1 Qd6 20. h3 Rec8 21. Qc3
c5 22. Qd2 c4 23. Bf1 b5 24. Ne2 a5 25. Ra1 Qb6 26. Rcc1 Qd6 27. Qe1 Bc6 28.
Kh1 Bg7 29. Kg1 Qf6 30. Qd2 Bf8 31. Rcb1 Nb6 32. Qc2 b4 33. axb4 axb4 34. Qc1
Bd7 35. Rxa8 Rxa8 36. Ra1 Qd8 37. Nf4 b3 38. Kh1 Bc6 39. Ne5 Bb7 40. Ne2 Rxa1
41. Qxa1 Qa8 42. Qxa8 Bxa8 43. Nc3 Bb4 44. Nf3 Bxc3 45. bxc3 Na4 46. Nd2 Nxc3
47. Be2 Nxe2 0-1

[Event "Montreal op U2100"]
[Site "Montreal CAN"]
[Date "2019.09.07"]
[Round "3.23"]
[White "Laroche, Hugo"]
[Black "Gauthier, Denis"]
[Result "0-1"]
[WhiteElo "1678"]
[BlackElo "1847"]
[PlyCount "114"]
[EventDate "2019.09.06"]
[EventType "swiss"]
[EventRounds "5"]
[EventCountry "CAN"]

1. d4 Nf6 2. Bf4 c5 3. e3 e6 4. Nf3 Qb6 5. Qc1 Nc6 6. c3 d5 7. Nbd2 Be7 8. Bd3
O-O 9. O-O h6 10. Re1 Nh5 11. Bg3 Nxg3 12. hxg3 f5 13. dxc5 Qxc5 14. Nb3 Qd6
15. c4 Ne5 16. Nxe5 Qxe5 17. cxd5 exd5 18. Qd2 Bd7 19. Rac1 Rac8 20. Nd4 a6 21.
Bc2 Rc7 22. Bb3 Rfc8 23. Nf3 Qd6 24. Rxc7 Rxc7 25. Qxd5+ Qxd5 26. Bxd5+ Kf8 27.
Ne5 Bf6 28. Nxd7+ Rxd7 29. Be6 Rd2 30. Bxf5 Rxb2 31. Be6 Ke7 32. Bb3 b5 33. Rc1
Kd6 34. Kf1 a5 35. Rc8 a4 36. Bg8 b4 37. g4 b3 38. axb3 a3 39. b4 a2 40. Bxa2
Rxa2 41. Rc4 Rb2 42. g3 Kd5 43. Rc5+ Kd6 44. Rc4 Rb3 45. Ke2 Rc3 46. Rxc3 Bxc3
47. b5 Kc5 48. f4 Kxb5 49. Kf3 Kc4 50. g5 hxg5 51. fxg5 Kd5 52. Kf4 Ke6 53. e4
Bd2+ 54. Kg4 g6 55. Kh4 Ke5 56. Kg4 Kxe4 57. Kh4 Kf5 0-1

[Event "Montreal op U2100"]
[Site "Montreal CAN"]
[Date "2019.09.07"]
[Round "3.24"]
[White "Simard, Francois"]
[Black "Alcantara, Maximo jr"]
[Result "1-0"]
[WhiteElo "1805"]
[BlackElo "1688"]
[PlyCount "101"]
[EventDate "2019.09.06"]
[EventType "swiss"]
[EventRounds "5"]
[EventCountry "CAN"]

1. d4 c6 2. c4 d5 3. Nc3 Nf6 4. Nf3 g6 5. e3 Bg7 6. Bd3 O-O 7. O-O a6 8. a4
Nbd7 9. cxd5 cxd5 10. b3 Re8 11. Bb2 e6 12. a5 Bf8 13. Ra4 Nb8 14. Ne5 Nfd7 15.
Nf3 Nf6 16. Ne5 Nc6 17. Nxc6 bxc6 18. Ba3 Bd7 19. Bxf8 Rxf8 20. Ra2 Qc7 21. b4
Rfb8 22. Rb2 Qd6 23. Qb3 Bc8 24. Na4 Nd7 25. Rc1 Bb7 26. Nc5 Nxc5 27. bxc5 Qd7
28. Qa4 Bc8 29. Rcb1 Rb5 30. Bxb5 axb5 31. Qb4 Qc7 32. Ra1 Ba6 33. Re2 Re8 34.
Rae1 e5 35. e4 dxe4 36. Rxe4 Bc8 37. Rxe5 Be6 38. d5 cxd5 39. Rxd5 Ra8 40. Rd6
Rxa5 41. Rb6 Ra2 42. Rxb5 h6 43. Rb8+ Kh7 44. Rb7 Qc6 45. Rb6 Qd5 46. Rd6 Qf5
47. Qd4 Rc2 48. c6 Qa5 49. Rd1 Re2 50. h3 g5 51. Qd3+ 1-0

[Event "Montreal op U2100"]
[Site "Montreal CAN"]
[Date "2019.09.07"]
[Round "3.25"]
[White "Vignalou, Joseph"]
[Black "Adam, Rafael"]
[Result "1/2-1/2"]
[WhiteElo "1734"]
[BlackElo "1654"]
[PlyCount "74"]
[EventDate "2019.09.06"]
[EventType "swiss"]
[EventRounds "5"]
[EventCountry "CAN"]

1. e4 e5 2. Nf3 Nc6 3. Bc4 Nf6 4. Ng5 d5 5. exd5 Nxd5 6. Nxf7 Kxf7 7. Qf3+ Ke8
8. Bxd5 Qf6 9. Bxc6+ bxc6 10. Qxf6 gxf6 11. O-O Rg8 12. Re1 Kf7 13. Nc3 Bc5 14.
d3 Rb8 15. Rb1 Be6 16. Be3 Bb6 17. a3 Bd5 18. Nxd5 cxd5 19. c4 c6 20. b4 d4 21.
Bd2 a6 22. f4 Bc7 23. f5 Rb7 24. Re4 Bd6 25. Rh4 Rg7 26. c5 Be7 27. Rf1 Rb8 28.
Rf3 Rbg8 29. g3 Ke8 30. Kf2 Bd8 31. Ke2 Kd7 32. Kd1 Kc8 33. Kc2 Rb7 34. Rf1
Rgg7 35. Ra1 Kd7 36. Kb3 Ke8 37. Re4 Rb8 1/2-1/2

[Event "Montreal op U2100"]
[Site "Montreal CAN"]
[Date "2019.09.07"]
[Round "3.26"]
[White "Ning, Oswin"]
[Black "Mai, Deren"]
[Result "1/2-1/2"]
[WhiteElo "1730"]
[BlackElo "1623"]
[PlyCount "51"]
[EventDate "2019.09.06"]
[EventType "swiss"]
[EventRounds "5"]
[EventCountry "CAN"]

1. e4 c5 2. Nf3 Nc6 3. d4 cxd4 4. Nxd4 Nf6 5. Nc3 e5 6. Ndb5 d6 7. Bg5 a6 8.
Na3 b5 9. Nd5 Be7 10. Bxf6 Bxf6 11. c3 O-O 12. Nc2 Bg5 13. Be2 f5 14. exf5 Bxf5
15. O-O Ne7 16. Bf3 e4 17. Bg4 Kh8 18. Nxe7 Qxe7 19. Bxf5 Rxf5 20. Ne3 Bxe3 21.
fxe3 Rxf1+ 22. Qxf1 Rf8 23. Qe2 Qg5 24. Rf1 Rxf1+ 25. Kxf1 Qd5 26. b3 1/2-1/2

[Event "Montreal op U2100"]
[Site "Montreal CAN"]
[Date "2019.09.07"]
[Round "3.27"]
[White "Khan, Alexandre"]
[Black "Desmarais, Serge"]
[Result "1/2-1/2"]
[WhiteElo "1721"]
[BlackElo "1606"]
[PlyCount "91"]
[EventDate "2019.09.06"]
[EventType "swiss"]
[EventRounds "5"]
[EventCountry "CAN"]

1. e4 e6 2. d4 d5 3. Nd2 Nf6 4. e5 Nfd7 5. Bd3 c5 6. c3 Nc6 7. Ne2 Qb6 8. Nf3
cxd4 9. cxd4 Be7 10. a3 f6 11. exf6 Nxf6 12. b4 Bd7 13. O-O a6 14. Bf4 O-O 15.
h3 Rac8 16. Rc1 Kh8 17. Ne5 Nxd4 18. Bxa6 Rxc1 19. Bxc1 Qxa6 20. Nxd4 Ba4 21.
Qd3 Qxd3 22. Nxd3 Re8 23. Nxe6 b6 24. Ndf4 Bd6 25. Be3 h6 26. Bd4 Bxf4 27. Nxf4
Re4 28. Bxf6 Rxf4 29. Bd8 b5 30. Bb6 Bb3 31. Re1 Re4 32. Rxe4 dxe4 33. Kf1 Bc4+
34. Ke1 Kg8 35. h4 h5 36. Kd2 Kf7 37. Ke3 Bf1 38. f3 exf3 39. gxf3 Ke6 40. Ke4
Bg2 41. Bd4 g6 42. Kf4 Kd5 43. Bf6 Kc4 44. Kg3 Bf1 45. Kf2 Bd3 46. Ke3 1/2-1/2

[Event "Montreal op U2100"]
[Site "Montreal CAN"]
[Date "2019.09.07"]
[Round "3.28"]
[White "Neshev, Nikolay"]
[Black "Roy, Stephane"]
[Result "1-0"]
[WhiteElo "1637"]
[BlackElo "1707"]
[PlyCount "73"]
[EventDate "2019.09.06"]
[EventType "swiss"]
[EventRounds "5"]
[EventCountry "CAN"]

1. d4 d5 2. Bf4 Nc6 3. e3 a6 4. Nf3 Bg4 5. c4 e6 6. Nbd2 Nf6 7. Qb3 Bxf3 8.
Nxf3 Bb4+ 9. Ke2 dxc4 10. Qxc4 O-O 11. h3 Rc8 12. g4 Bd6 13. Bg5 Na5 14. Qa4 c5
15. Bxf6 Qxf6 16. Qxa5 cxd4 17. Nxd4 e5 18. Nb3 Rc2+ 19. Nd2 Rxb2 20. Qc3 Rb5
21. Ne4 Qe6 22. Nxd6 Qxd6 23. Bg2 Qb6 24. Rhc1 Rd8 25. Rc2 Qg6 26. Rd2 Rf8 27.
Rad1 Qb6 28. Rd6 Rb2+ 29. R1d2 Qb5+ 30. Kf3 e4+ 31. Kg3 Rxd2 32. Rxd2 Qg5 33.
Bxe4 f5 34. Bd5+ Kh8 35. Qb4 Rd8 36. Be6 Rf8 37. Qxf8# 1-0

[Event "Montreal op U2100"]
[Site "Montreal CAN"]
[Date "2019.09.07"]
[Round "3.29"]
[White "Levasseur, Sylvain"]
[Black "Gao, Shiqi"]
[Result "0-1"]
[WhiteElo "1610"]
[BlackElo "1693"]
[PlyCount "134"]
[EventDate "2019.09.06"]
[EventType "swiss"]
[EventRounds "5"]
[EventCountry "CAN"]

1. e4 c5 2. Nf3 Nc6 3. c3 e6 4. Be2 d5 5. exd5 exd5 6. d4 c4 7. Bf4 Bd6 8. Bxd6
Qxd6 9. Na3 a6 10. O-O Nf6 11. Re1 O-O 12. Nc2 Bf5 13. Ne3 Be4 14. Nf1 b5 15.
Ng3 b4 16. Ng5 Bg6 17. Nh5 Bxh5 18. Bxh5 Qf4 19. Nh3 Qf5 20. Bf3 g5 21. g4 Qg6
22. Re3 bxc3 23. bxc3 Qh6 24. Bg2 Rfe8 25. Qd2 Ne4 26. Bxe4 dxe4 27. Qe2 Rac8
28. Kg2 Qg6 29. Re1 h6 30. Rxe4 Red8 31. Ng1 Na7 32. Nf3 Nb5 33. Qd2 Qb6 34.
Qb2 Qc6 35. Kg1 Rb8 36. Qc2 Qd7 37. Ne5 Qd5 38. h3 Rb6 39. Nxf7 Qxf7 40. Re7
Qg6 41. Qxg6+ Rxg6 42. R1e3 Rf6 43. f3 Rdf8 44. Kg2 R8f7 45. Re8+ Kg7 46. Rc8
Nc7 47. a4 Nd5 48. Ree8 Rf8 49. Rxf8 Rxf8 50. Rc5 Nxc3 51. Rxc4 Nd5 52. Rc6 Rf6
53. Rc5 Nf4+ 54. Kh2 Ne6 55. Rd5 Nf4 56. Rd7+ Kg6 57. Rd8 Nd3 58. Kg3 Nb2 59.
d5 Nc4 60. Rg8+ Kf7 61. Rh8 Kg7 62. Ra8 Rd6 63. Rc8 Nb6 64. Rc6 Rxc6 65. dxc6
Nxa4 66. f4 Nb6 67. Kf3 a5 0-1

[Event "Montreal op U2100"]
[Site "Montreal CAN"]
[Date "2019.09.07"]
[Round "3.30"]
[White "Gorunovich, Anna"]
[Black "He, Jiaqi"]
[Result "1-0"]
[WhiteElo "1909"]
[BlackElo "1576"]
[PlyCount "221"]
[EventDate "2019.09.06"]
[EventType "swiss"]
[EventRounds "5"]
[EventCountry "CAN"]

1. e4 e5 2. Nf3 Nc6 3. Bc4 Bc5 4. c3 Nf6 5. d4 exd4 6. cxd4 Bb4+ 7. Nc3 Nxe4 8.
O-O Bxc3 9. bxc3 O-O 10. Qc2 d5 11. Bd3 Re8 12. Rb1 h6 13. Nd2 Nf6 14. h3 Rb8
15. Nf3 a6 16. Bf4 Be6 17. Ne5 Nh5 18. Nxc6 bxc6 19. Rxb8 Qxb8 20. Bh2 Qa7 21.
Qa4 Bd7 22. Qxa6 Qxa6 23. Bxa6 Ra8 24. Be2 Nf6 25. Ra1 Ra7 26. a4 Ne4 27. Ra3
c5 28. a5 c4 29. Bf4 Kf8 30. Bf3 f5 31. Bxe4 fxe4 32. Ra1 Ke7 33. Kf1 Kd8 34.
Be5 g6 35. Bg7 h5 36. Bf8 Ra6 37. Bb4 Bc8 38. Ke2 Rf6 39. Rb1 Ra6 40. Ke3 Bf5
41. Rb2 Kd7 42. Kf4 Be6 43. Rb1 Bf5 44. Re1 Be6 45. f3 exf3 46. Kxf3 Ra8 47.
Kf4 Ra7 48. Kg5 Ra6 49. Re5 Rc6 50. h4 Ra6 51. Kxg6 Bg4+ 52. Kg5 Kc6 53. Kf4
Ra8 54. Rg5 Re8 55. Re5 Ra8 56. Re1 Ra7 57. Ra1 Ra6 58. Ke5 Be2 59. Ra2 Bd3 60.
Rf2 Be4 61. g3 Kb5 62. Rf7 Rc6 63. Rf8 Ra6 64. Rh8 Bf3 65. Rf8 Be4 66. Kf4 Rh6
67. g4 hxg4 68. Kxg4 Rg6+ 69. Kh3 Bg2+ 70. Kh2 Be4 71. Rb8+ Ka6 72. Rh8 Rg2+
73. Kh3 Rg6 74. Rf8 Bg2+ 75. Kh2 Be4 76. Rf7 Kb7 77. Rf2 Ka6 78. Kh3 Rg1 79. h5
Rg5 80. Kh4 Rg1 81. Rf6+ Kb7 82. a6+ Kb8 83. Bc5 Rg8 84. h6 Rh8 85. Kh5 Rg8 86.
Rf4 Bd3 87. Kh4 Be4 88. Rg4 Rh8 89. Kg5 Rg8+ 90. Kf4 Re8 91. Rg7 Rh8 92. Rg1
Ka8 93. Ke5 Kb8 94. Rg7 Kc8 95. a7 Kb7 96. h7 Bxh7 97. Kxd5 Bd3 98. Bd6 Rh5+
99. Be5 Kxa7 100. Rxc7+ Kb6 101. Rc8 Kb7 102. Rb8+ Ka7 103. Rb4 Be2 104. Kc6
Bf3+ 105. Kc5 Be2 106. Rb2 Bd3 107. Rf2 Ka6 108. Rf7 Be2 109. Re7 Bd3 110. d5
Rf5 111. d6 1-0

[Event "Montreal op U2100"]
[Site "Montreal CAN"]
[Date "2019.09.07"]
[Round "3.31"]
[White "Guillemette, Hugo"]
[Black "Mangahas, Ronald"]
[Result "0-1"]
[WhiteElo "1633"]
[BlackElo "1882"]
[PlyCount "80"]
[EventDate "2019.09.06"]
[EventType "swiss"]
[EventRounds "5"]
[EventCountry "CAN"]

1. e4 c5 2. Nf3 d6 3. Bb5+ Nd7 4. d4 cxd4 5. Qxd4 a6 6. Bxd7+ Bxd7 7. Nc3 e6 8.
O-O Qc7 9. Qd3 Ne7 10. Nd4 Nc6 11. Be3 Ne5 12. Qe2 Be7 13. f4 Nc4 14. f5 O-O
15. g4 Bf6 16. g5 Be5 17. Nf3 Nxe3 18. Qxe3 Bxc3 19. bxc3 exf5 20. exf5 Bxf5
21. Nd4 Bg6 22. h4 Rae8 23. Qh3 Re5 24. Rae1 Rfe8 25. Rxe5 Rxe5 26. Qg3 Qc5 27.
Kh2 h6 28. gxh6 gxh6 29. Rf6 Kg7 30. Qf3 Qd5 31. Qf2 Re4 32. Nf5+ Bxf5 33. Rxf5
Rxh4+ 34. Kg3 Qc4 35. Qf3 Re4 36. Kh3 Qe6 37. Kg3 Qg6+ 38. Kf2 Re6 39. Qd3
Qxf5+ 40. Qxf5 Rf6 0-1

[Event "Montreal op U2100"]
[Site "Montreal CAN"]
[Date "2019.09.07"]
[Round "3.32"]
[White "Wang, Rachel"]
[Black "Hernandez, Juan Felipe"]
[Result "1-0"]
[WhiteElo "1646"]
[BlackElo "1759"]
[PlyCount "49"]
[EventDate "2019.09.06"]
[EventType "swiss"]
[EventRounds "5"]
[EventCountry "CAN"]

1. d4 e6 2. c4 Nf6 3. Nf3 d5 4. Nc3 Be7 5. Bg5 O-O 6. e3 Nbd7 7. cxd5 Nxd5 8.
Bxe7 Qxe7 9. Nxd5 exd5 10. Bd3 Nf6 11. O-O Ne4 12. Qc2 c6 13. Rab1 Bf5 14. b4
Rac8 15. Qb3 Nd6 16. Bxf5 Nxf5 17. b5 Rb8 18. bxc6 Qd6 19. cxb7 Ne7 20. Rfc1
Nc6 21. Qa4 Nd8 22. Qxa7 Re8 23. Rc8 Nc6 24. Rxe8+ Rxe8 25. Qc5 1-0

[Event "Montreal op U2100"]
[Site "Montreal CAN"]
[Date "2019.09.07"]
[Round "3.33"]
[White "Wang, Derek"]
[Black "Wang, Isabelle"]
[Result "1-0"]
[WhiteElo "1511"]
[BlackElo "1673"]
[PlyCount "135"]
[EventDate "2019.09.06"]
[EventType "swiss"]
[EventRounds "5"]
[EventCountry "CAN"]

1. Nf3 d5 2. c4 e6 3. d4 Nf6 4. Nc3 Be7 5. Bf4 O-O 6. e3 b6 7. Be2 Bb7 8. O-O
c5 9. cxd5 exd5 10. Rc1 Nbd7 11. Ne5 Nxe5 12. Bxe5 Bd6 13. Bxd6 Qxd6 14. Bf3
Rfd8 15. dxc5 bxc5 16. Qc2 Rac8 17. Rfd1 Qe6 18. Na4 c4 19. Rd4 Rd7 20. Rcd1
Qa6 21. Nc3 Rcd8 22. Qa4 Qb6 23. Qb5 Bc6 24. Qxb6 axb6 25. h3 b5 26. a3 h6 27.
Kh2 Kf8 28. Na2 Ke7 29. Nb4 Bb7 30. g4 Ne4 31. Nxd5+ Bxd5 32. Bxe4 Bxe4 33.
Rxe4+ Kf6 34. Rf4+ Ke6 35. Rxd7 Rxd7 36. Rf5 Rb7 37. Rf4 Rd7 38. Rf5 Rb7 39.
Kg3 b4 40. Rc5 bxa3 41. bxa3 Ra7 42. Rxc4 Rxa3 43. Re4+ Kf6 44. Rf4+ Ke6 45. h4
Ra5 46. e4 f6 47. h5 Kf7 48. Rf5 Ra3+ 49. f3 Ke7 50. Rb5 Rd3 51. Rb7+ Rd7 52.
Rxd7+ Kxd7 53. f4 Kd6 54. Kh4 Kc5 55. Kg3 Kc4 56. f5 Kc5 57. Kf3 Kc6 58. Ke3
Kc7 59. e5 fxe5 60. g5 Kd7 61. f6 Ke6 62. fxg7 Kf7 63. gxh6 Kg8 64. Ke4 Kh7 65.
Kxe5 Kxh6 66. g8=Q Kxh5 67. Kf5 Kh4 68. Qg4# 1-0

[Event "Montreal op U2100"]
[Site "Montreal CAN"]
[Date "2019.09.07"]
[Round "3.34"]
[White "Duplessis, Claude"]
[Black "Leblanc-Legault, Mathieu"]
[Result "0-1"]
[WhiteElo "1556"]
[BlackElo "1839"]
[PlyCount "136"]
[EventDate "2019.09.06"]
[EventType "swiss"]
[EventRounds "5"]
[EventCountry "CAN"]

1. e4 e6 2. d4 d5 3. e5 c5 4. c3 Qb6 5. Nf3 Nc6 6. Be2 cxd4 7. cxd4 Nge7 8. b3
Nf5 9. Bb2 Bb4+ 10. Kf1 Bd7 11. g4 Nh6 12. h3 Be7 13. Kg2 f6 14. Re1 fxe5 15.
dxe5 Rc8 16. a3 Nf7 17. Bd3 Na5 18. Nbd2 Bb5 19. Bd4 Qa6 20. Bxb5+ Qxb5 21. Qe2
Qxe2 22. Rxe2 b6 23. Ree1 Kd7 24. b4 Nc4 25. Nxc4 Rxc4 26. Rac1 Rhc8 27. Be3 h6
28. Rxc4 Rxc4 29. Bd4 Ng5 30. Nxg5 Rxd4 31. Nf3 Rd3 32. Re3 Rxe3 33. fxe3 a5
34. bxa5 bxa5 35. a4 Bd8 36. Nd4 Bc7 37. Nf3 Kc6 38. Nd4+ Kb7 39. Nf3 Bb8 40.
Kf2 Kc6 41. Nd4+ Kc5 42. Ke2 Bxe5 43. Nxe6+ Kb4 44. Nd8 Kxa4 45. Nc6 Bc3 46.
Kd3 Bb4 47. e4 dxe4+ 48. Kxe4 Bc3 49. h4 Bf6 50. h5 Kb5 51. Nxa5 Kxa5 52. Kd5
Kb5 53. Ke4 Kc4 54. Kf4 Kd4 55. Kf3 Ke5 56. Ke3 Bd8 57. Kf3 Kf6 58. Kg3 Kg5 59.
Kh3 Bc7 60. Kg2 Kxg4 61. Kh1 Kxh5 62. Kg2 Kg4 63. Kh1 Kg3 64. Kg1 g5 65. Kh1 g4
66. Kg1 Kf3 67. Kh1 g3 68. Kg1 Bb6+ 0-1

[Event "Montreal op U2100"]
[Site "Montreal CAN"]
[Date "2019.09.08"]
[Round "4.15"]
[White "Ning, Alwin"]
[Black "Mercure, Gilbert"]
[Result "0-1"]
[WhiteElo "1838"]
[BlackElo "1841"]
[PlyCount "38"]
[EventDate "2019.09.06"]
[EventType "swiss"]
[EventRounds "5"]
[EventCountry "CAN"]

1. e4 d5 2. exd5 Nf6 3. d4 Bg4 4. Nf3 Qxd5 5. Be2 Nc6 6. c3 O-O-O 7. O-O Qf5 8.
Qb3 e6 9. Be3 Bd6 10. Nbd2 Qh5 11. Bb5 Nd5 12. c4 Nf4 13. Bxf4 Bxf4 14. Bxc6
bxc6 15. h3 Bxh3 16. gxh3 Qxh3 17. Qd3 e5 18. d5 Rd6 19. Ne4 Rg6+ 0-1

[Event "Montreal op U2100"]
[Site "Montreal CAN"]
[Date "2019.09.08"]
[Round "4.16"]
[White "Morin-Pare, Victor"]
[Black "Jiang, Barron Jiyu"]
[Result "1-0"]
[WhiteElo "1835"]
[BlackElo "1570"]
[PlyCount "58"]
[EventDate "2019.09.06"]
[EventType "swiss"]
[EventRounds "5"]
[EventCountry "CAN"]

1. d4 Nf6 2. Bf4 d5 3. Nc3 a6 4. e3 Bf5 5. f3 h5 6. Bd3 Bxd3 7. Qxd3 e6 8. Nge2
Be7 9. Bg5 Nbd7 10. e4 Nb6 11. Nd1 Rc8 12. e5 Nfd7 13. Bxe7 Qxe7 14. O-O c5 15.
c3 Na8 16. f4 g6 17. Ne3 b5 18. Rae1 Nab6 19. f5 gxf5 20. Rxf5 Nc4 21. Nxd5
exd5 22. Nf4 cxd4 23. e6 Nde5 24. exf7+ Kd7 25. Qe2 d3 26. Nxd3 Qd6 27. Nxe5+
Nxe5 28. Qxe5 Qxe5 29. Rexe5 Rhf8 1-0

[Event "Montreal op U2100"]
[Site "Montreal CAN"]
[Date "2019.09.08"]
[Round "4.17"]
[White "Gil, Bernardo"]
[Black "Yan, Alex Jikai"]
[Result "0-1"]
[WhiteElo "1632"]
[BlackElo "1773"]
[PlyCount "73"]
[EventDate "2019.09.06"]
[EventType "swiss"]
[EventRounds "5"]
[EventCountry "CAN"]

1. Nf3 Nf6 2. g3 c5 3. Bg2 Nc6 4. O-O e5 5. d3 Be7 6. Nbd2 O-O 7. e4 d6 8. Ne1
Ne8 9. f4 g6 10. fxe5 dxe5 11. Ndf3 Bf6 12. Bh6 Bg7 13. Qd2 f6 14. Bxg7 Kxg7
15. h3 Nc7 16. c3 Ne6 17. Nc2 Qb6 18. Ne3 Bd7 19. Kh1 Ne7 20. Rad1 Bc6 21. Ng4
Ng8 22. Qc1 Rad8 23. Ne1 h5 24. Ne3 Ne7 25. Nc4 Qc7 26. Ne3 Rd7 27. Rd2 b5 28.
b3 Qb7 29. c4 b4 30. Nd5 Nd4 31. Nc2 a5 32. Nxd4 exd4 33. Rdf2 Ng8 34. Qf4 Rdf7
35. h4 Qd7 36. Bf3 Qh3+ 37. Rh2 0-1

[Event "Montreal op U2100"]
[Site "Montreal CAN"]
[Date "2019.09.08"]
[Round "4.18"]
[White "Omichi, Haruaki"]
[Black "Bilodeau-Savaria, Carl-William"]
[Result "1/2-1/2"]
[WhiteElo "1737"]
[BlackElo "1393"]
[PlyCount "84"]
[EventDate "2019.09.06"]
[EventType "swiss"]
[EventRounds "5"]
[EventCountry "CAN"]

1. e4 c5 2. Ne2 e6 3. Nbc3 Nf6 4. g3 Nc6 5. Bg2 Be7 6. f4 d5 7. e5 Ng8 8. d4
Nh6 9. Be3 Nf5 10. Bf2 Qb6 11. Na4 Qa5+ 12. c3 cxd4 13. Nxd4 Nfxd4 14. Bxd4
Nxd4 15. Qxd4 Bd7 16. b3 Bxa4 17. Qxa4+ Qxa4 18. bxa4 Rc8 19. Kd2 Rc4 20. Bf1
Rc7 21. Bb5+ Kf8 22. Rab1 f6 23. Rhc1 fxe5 24. c4 d4 25. Re1 Kf7 26. a5 exf4
27. gxf4 a6 28. Ba4 Rxc4 29. Bd7 Bb4+ 30. Kd3 Bxe1 31. Bxe6+ Kxe6 32. Rxe1+ Kf5
33. Kxc4 Rd8 34. Kd3 Rd5 35. Re7 Rxa5 36. Rxg7 b5 37. Rxh7 Kxf4 38. Kxd4 Rxa2
39. Kc5 Ke4 40. h4 Rh2 41. Rh6 Ra2 42. Kb4 Kf4 1/2-1/2

[Event "Montreal op U2100"]
[Site "Montreal CAN"]
[Date "2019.09.08"]
[Round "4.19"]
[White "Gauthier, Denis"]
[Black "Liu, Kevin"]
[Result "1-0"]
[WhiteElo "1847"]
[BlackElo "1803"]
[PlyCount "47"]
[EventDate "2019.09.06"]
[EventType "swiss"]
[EventRounds "5"]
[EventCountry "CAN"]

1. d4 d5 2. c4 dxc4 3. e4 e5 4. Nf3 exd4 5. Bxc4 Bb4+ 6. Nbd2 Nc6 7. O-O Nge7
8. Nb3 Bg4 9. Bxf7+ Kxf7 10. Ng5+ Ke8 11. Qxg4 Ng6 12. f4 Qd7 13. Qh5 Kd8 14.
a3 Be7 15. Bd2 Bxg5 16. Qxg5+ Qe7 17. Qb5 Rb8 18. Rac1 a6 19. Qc4 Qd6 20. e5
Qd7 21. Nc5 Qe7 22. Nxb7+ Rxb7 23. Qxc6 Rxb2 24. Ba5 1-0

[Event "Montreal op U2100"]
[Site "Montreal CAN"]
[Date "2019.09.08"]
[Round "4.20"]
[White "Shah, Omar"]
[Black "Neshev, Nikolay"]
[Result "1-0"]
[WhiteElo "1811"]
[BlackElo "1637"]
[PlyCount "169"]
[EventDate "2019.09.06"]
[EventType "swiss"]
[EventRounds "5"]
[EventCountry "CAN"]

1. c4 f5 2. Nc3 Nf6 3. e3 e6 4. Nf3 Be7 5. d4 O-O 6. Bd3 b6 7. Nd2 c5 8. f3 Nc6
9. Nb3 Nh5 10. O-O Bb7 11. Bd2 Bd6 12. f4 Nf6 13. h3 cxd4 14. exd4 Qe8 15. Na4
Bb8 16. d5 exd5 17. cxd5 Nxd5 18. Bc4 Nce7 19. Bb4 d6 20. Re1 Qc6 21. Qd4 Kh8
22. Bf1 a6 23. Rac1 Qd7 24. Nc3 Nxb4 25. Qxb4 Ba7 26. Kh2 Ng6 27. Rcd1 Rad8 28.
Qd4 Bb8 29. Nd5 Bxd5 30. Qxd5 Nxf4 31. Qd2 d5 32. Kh1 Qd6 33. g3 Nh5 34. Nd4
Nxg3+ 35. Kg1 Nxf1 36. Rxf1 Qg3+ 37. Qg2 Qxg2+ 38. Kxg2 g6 39. Ne6 Rfe8 40.
Nxd8 Rxd8 41. Rfe1 Kg7 42. Re7+ Kh6 43. Rb7 b5 44. Rb6 Be5 45. b3 Ra8 46. Rxd5
Bc3 47. Rd7 b4 48. Rbb7 Re8 49. Rxh7+ Kg5 50. Rhe7 Rd8 51. Rbd7 Rxd7 52. Rxd7
f4 53. Kf3 Kh4 54. Rh7+ Kg5 55. Ra7 Kh4 56. Rxa6 Kxh3 57. Rxg6 Kh4 58. Kxf4 Kh5
59. Rg8 Kh6 60. Ke4 Bb2 61. Kd3 Kh7 62. Rg2 Ba3 63. Kc4 Kh8 64. Rg4 Kh7 65. Kd5
Kh6 66. Ke6 Kh5 67. Kf5 Kh6 68. Rg2 Bc1 69. Rc2 Ba3 70. Rc7 Bb2 71. Rc2 Ba3 72.
Rg2 Bc1 73. Ke4 Ba3 74. Kd5 Bc1 75. Kc4 Ba3 76. Kb5 Kh5 77. Rg8 Kh6 78. Ra8 Bc1
79. Kxb4 Kg6 80. Rf8 Bb2 81. a4 Be5 82. Rf1 Bd6+ 83. Kb5 Be5 84. a5 Bf6 85.
Rxf6+ 1-0

[Event "Montreal op U2100"]
[Site "Montreal CAN"]
[Date "2019.09.08"]
[Round "4.21"]
[White "Dumoulin, Sylvain"]
[Black "Simard, Francois"]
[Result "1/2-1/2"]
[WhiteElo "1779"]
[BlackElo "1805"]
[PlyCount "43"]
[EventDate "2019.09.06"]
[EventType "swiss"]
[EventRounds "5"]
[EventCountry "CAN"]

1. e4 c5 2. Nc3 e6 3. g3 b6 4. Bg2 Bb7 5. d3 Ne7 6. Bf4 Ng6 7. Qd2 Nxf4 8. Qxf4
a6 9. Nge2 Be7 10. h4 Nc6 11. O-O Bf6 12. Nd1 O-O 13. c3 d5 14. exd5 exd5 15.
d4 Re8 16. Ne3 cxd4 17. Nxd4 Nxd4 18. cxd4 g6 19. Rfc1 Rf8 20. Rc7 Rb8 21. Rac1
Bg7 22. Ng4 1/2-1/2

[Event "Montreal op U2100"]
[Site "Montreal CAN"]
[Date "2019.09.08"]
[Round "4.22"]
[White "Gao, Shiqi"]
[Black "Gorunovich, Anna"]
[Result "0-1"]
[WhiteElo "1693"]
[BlackElo "1909"]
[PlyCount "46"]
[EventDate "2019.09.06"]
[EventType "swiss"]
[EventRounds "5"]
[EventCountry "CAN"]

1. e4 c5 2. Nf3 e6 3. d4 cxd4 4. Nxd4 a6 5. Be2 Qc7 6. f4 d6 7. Be3 Nf6 8. Nc3
b5 9. a3 Bb7 10. Bf3 Nbd7 11. Qd2 Be7 12. g4 Nc5 13. Qg2 Rb8 14. O-O-O Nfd7 15.
f5 e5 16. Nde2 Nb6 17. g5 Nc4 18. Bf2 Qa5 19. Na2 h6 20. h4 hxg5 21. hxg5 Rxh1
22. Rxh1 Nb3+ 23. Kb1 Ncd2# 0-1

[Event "Montreal op U2100"]
[Site "Montreal CAN"]
[Date "2019.09.08"]
[Round "4.23"]
[White "Mangahas, Ronald"]
[Black "Varro, Daniel"]
[Result "1-0"]
[WhiteElo "1882"]
[BlackElo "1604"]
[PlyCount "133"]
[EventDate "2019.09.06"]
[EventType "swiss"]
[EventRounds "5"]
[EventCountry "CAN"]

1. e4 c6 2. d4 d5 3. Nc3 dxe4 4. Nxe4 Nf6 5. Ng3 h5 6. Nf3 h4 7. Ne2 Bg4 8. Ne5
Bf5 9. Nc3 e6 10. h3 Nbd7 11. Bf4 Bb4 12. Bd3 Bxd3 13. Qxd3 Nd5 14. Bd2 Nxe5
15. dxe5 Qa5 16. Ne4 O-O 17. c3 Be7 18. O-O Qc7 19. f4 Qb6+ 20. Kh1 Rad8 21.
Qf3 f6 22. c4 Nc7 23. Bc3 f5 24. Nd6 Bxd6 25. exd6 Rxd6 26. Qh5 Ne8 27. Qxh4
Nf6 28. Qe1 Ne4 29. c5 Nxc5 30. Qe5 Rd7 31. Bd4 Rxd4 32. Qxd4 Rd8 33. Qe3 Ne4
34. Qxb6 axb6 35. Rf3 Rd2 36. Rb3 b5 37. Rc1 Rd4 38. Rc2 Kf7 39. Ra3 Ke7 40.
Ra7 Nd6 41. Rxc6 Rxf4 42. Rc7+ Kf6 43. Rd7 Nc4 44. b3 Rf1+ 45. Kh2 Ne3 46.
Raxb7 Rf2 47. Rxg7 Rxa2 48. Rg8 Rb2 49. Rxb5 Kf7 50. Rbb8 Nf1+ 51. Kg1 Nd2 52.
Rg3 Ne4 53. Rd3 Rb1+ 54. Kh2 Nf2 55. Rf3 Ne4 56. b4 Ke7 57. b5 Kd7 58. b6 Kc6
59. h4 Rxb6 60. Rxb6+ Kxb6 61. Re3 Kc5 62. Rxe4 fxe4 63. Kg1 Kd4 64. Kf2 e3+
65. Ke2 Ke4 66. g4 Kf4 67. h5 1-0